| 000 | 01438nam a2200361 a 4500 | ||
|---|---|---|---|
| 001 | 60148 | ||
| 003 | BD-RjUL | ||
| 005 | 20211209080817.0 | ||
| 008 | 161228s2008 dcua sb i001 0 eng d | ||
| 020 | _a9780821372050 | ||
| 020 | _a082137205X | ||
| 020 | _a9780821372067 (electronic) | ||
| 020 | _a0821372068 (electronic) | ||
| 035 | _aBD-RjUL60272 | ||
| 040 |
_aDLC _cDLC _dBTCTA _dYDXCP _dBAKER _dC#P _dBWX _dCUS _dDLC _dWaSeSS _beng |
||
| 041 | _aeng | ||
| 082 | 0 | 0 |
_a362.5561091724 _222 _bMIN 2008 |
| 245 | 0 | 0 |
_aMinding the gaps : _bintegrating poverty reduction strategies and budgets for domestic accountability / _cVera A. Wilhelm and Philipp Krause, editors. |
| 260 |
_aWashington, DC : _bWorld Bank, _cc2008. |
||
| 300 |
_a182 p. ; _c21 cm. |
||
| 504 | _aIncludes bibliographical references (p. 173-176) and index. | ||
| 506 | _aLicense restrictions may limit access. | ||
| 650 | 0 |
_aPoverty _xGovernment policy _zDeveloping countries. _9179047 |
|
| 650 | 0 |
_aBudget _zDeveloping countries. _9179048 |
|
| 650 | 0 |
_aEconomic assistance _zDeveloping countries _xManagement. _9173949 |
|
| 700 | 1 |
_aWilhelm, Vera, _d1960- _9179049 |
|
| 700 | 1 |
_aKrause, Philipp, _d1978- _9179050 |
|
| 710 | 2 |
_aWorld Bank. _9171728 |
|
| 773 | 0 | _tOpen Knowledge Repository | |
| 856 | 4 | 0 |
_uhttp://www.columbia.edu/cgi-bin/cul/resolve?clio7694809 _zFull text available from Open Knowledge Repository |
| 942 |
_2ddc _cBK |
||
| 999 |
_c60148 _d60148 |
||